التاريخ السياسي للدولة العربية
| Main Author: | |
|---|---|
| Format: | Book |
| Published: |
al-Qahirah :
Maktabat al-Anjlu al-Misriyah ,
1979
|
| Subjects: |
MARC
| LEADER | 00000cam a2200000 7i4500 | ||
|---|---|---|---|
| 001 | 0000023398 | ||
| 005 | 20160823093000.0 | ||
| 090 | 0 | 0 | |a DS62.8 |b .M3 |
| 100 | 0 | |a ماجد، عبد المنعم , |e author | |
| 241 | 2 | 3 | |a al-Tarikh al-siyasi lil-dawlah al-Arabiyah |
| 245 | 1 | 2 | |a التاريخ السياسي للدولة العربية |c عبد المنعم ماجد |
| 260 | 2 | |a al-Qahirah : |b Maktabat al-Anjlu al-Misriyah , |c 1979 | |
| 300 | |a 2 v. ; |c 25 cm. | ||
| 651 | 0 | |a Arab countries |x History | |
| 999 | |a 1000042984 |b Book |c OPEN SHELF (30 DAYS) |e Gong Badak Campus | ||